Куда идешь, человек?: Основы эволюциологии. Информационный подход

গ্রন্থ-পঞ্জীর বিবরন
প্রধান লেখক: Бодякин В. И. Владимир Ильич
ভাষা:রুশ
প্রকাশিত: Москва, СИНТЕГ, 1998
মালা:Информатизация России на пороге ХХI века
বিষয়গুলি:
বিন্যাস: গ্রন্থ
KOHA link:https://koha.lib.tpu.ru/cgi-bin/koha/opac-detail.pl?biblionumber=12300

MARC

LEADER 00000nam0a2200000 4500
001 12300
005 20231030184237.0
010 |a 5896380119 
035 |a (RuTPU)RU\TPU\book\12376 
035 |a BOOK00012442 
090 |a 12300 
100 |a 20011209d1998 km y0rusy50 ca 
101 0 |a rus 
102 |a RU 
105 |a y z 000zy 
200 1 |a Куда идешь, человек?  |e Основы эволюциологии. Информационный подход  |f В. И. Бодякин 
210 |a Москва  |c СИНТЕГ  |d 1998 
215 |a 332 с. 
225 1 |a Информатизация России на пороге ХХI века 
610 1 |a философия 
610 1 |a человек 
610 1 |a личность 
610 1 |a общество 
610 1 |a информационное общество 
610 1 |a эволюциология 
610 1 |a социальная философия 
686 |a Ю61  |v LBC/SL-A  |2 rubbk 
686 |a Ю667.2  |v LBC/SL-A  |2 rubbk 
700 1 |a Бодякин  |b В. И.  |g Владимир Ильич 
801 0 |a RU  |b 63413507  |c 20011209  |g PSBO 
801 2 |a RU  |b 63413507  |c 20071219  |g PSBO 
900 |a Информационные процессы в обществе 
942 |c BK